[Event "DEM U16 2010"]
[Site "Oberhof GER"]
[Date "2010.05.28"]
[Round "8"]
[White "Dünzel, Jonas"]
[Black "Mertens, Fridolin"]
[Result "1-0"]
[Termination "normal"]
[Board "1"]
[WhiteElo "2037"]
[BlackElo "1877"]
[PlyCount "87"]
[WhiteFideId "24631167"]
[BlackFideId "24671940"]
[EventCountry "GER"]
[EventRounds "9"]
[EventType "swiss"]
[EventDate "2010.05.22"]

1. d4 d5 2. c4 e6 3. Nc3 Nf6 4. Bg5 Nbd7 5. cxd5 exd5 6. e3 Be7 7. Bd3 c6 8.
Qc2 O-O 9. Nge2 Re8 10. O-O Nf8 11. f3 c5 12. b3 h6 13. Bh4 b6 14. Bf2 Ne6 15.
dxc5 Bxc5 16. Rad1 Bb7 17. Nb5 a6 18. Nbd4 Rc8 19. Qb2 Nxd4 20. Nxd4 Bd6 21.
Rc1 Rxc1 22. Rxc1 Qb8 23. g3 h5 24. Nf5 Be5 25. Qa3 b5 26. f4 Bc7 27. Qc5 Bd8
28. Qd6 Qa8 29. Nd4 Be7 30. Qb6 Nd7 31. Qa5 Nc5 32. Be2 g6 33. a4 bxa4 34. Rxc5
Bxc5 35. Qxc5 axb3 36. Nxb3 Rc8 37. Qd4 Bc6 38. Be1 Bb5 39. Bxb5 axb5 40. Bc3
Kf8 41. Qg7+ Ke8 42. Bb4 Qa4 43. Qf8+ Kd7 44. Qd6+ 1-0

[Event "DEM U16 2010"]
[Site "Oberhof GER"]
[Date "2010.05.28"]
[Round "8"]
[White "Kotainy, Jens"]
[Black "Miller, Eduard"]
[Result "1-0"]
[Termination "normal"]
[Board "2"]
[WhiteElo "2243"]
[BlackElo "2033"]
[PlyCount "101"]
[WhiteFideId "24670499"]
[BlackFideId "24687022"]
[EventCountry "GER"]
[EventRounds "9"]
[EventType "swiss"]
[EventDate "2010.05.22"]

1. e4 c5 2. c3 d5 3. exd5 Qxd5 4. d4 Nc6 5. Nf3 Bg4 6. Be2 cxd4 7. cxd4 e6 8.
O-O Nf6 9. Be3 Bb4 10. a3 Ba5 11. Nc3 Qd6 12. b4 Bb6 13. Qa4 O-O 14. Rfd1 Rfd8
15. Rac1 Rac8 16. h3 Bh5 17. Qb5 Ne7 18. Bg5 Qd7 19. Qxd7 Rxd7 20. Na4 Rxc1 21.
Rxc1 Bxf3 22. Nxb6 axb6 23. Bxf3 h6 24. Be3 Nfd5 25. Rc4 Kf8 26. Kf1 Ke8 27.
Ke2 Kd8 28. Bd2 Nf6 29. g4 Nfd5 30. Be4 Rc7 31. Kd3 Kd7 32. a4 Rc6 33. b5 Rxc4
34. Kxc4 Kc7 35. h4 Nc8 36. Bc2 Nd6+ 37. Kd3 f5 38. f3 f4 39. h5 Kd7 40. Bb3
Ne8 41. Bxd5 exd5 42. Bxf4 Ke6 43. Be5 Nf6 44. Bxf6 Kxf6 45. f4 g6 46. hxg6
Kxg6 47. Ke3 Kf6 48. Kf3 Kg6 49. Kg3 Kf6 50. Kh4 Kg6 51. f5+ 1-0

[Event "DEM U16 2010"]
[Site "Oberhof GER"]
[Date "2010.05.28"]
[Round "8"]
[White "Göbel, Constantin"]
[Black "Wenninger, Philipp"]
[Result "1-0"]
[Termination "normal"]
[Board "3"]
[WhiteElo "2011"]
[BlackElo "1996"]
[PlyCount "65"]
[WhiteFideId "24647071"]
[BlackFideId "4648404"]
[EventCountry "GER"]
[EventRounds "9"]
[EventType "swiss"]
[EventDate "2010.05.22"]

1. e4 c6 2. Nc3 d5 3. Qf3 dxe4 4. Nxe4 Nd7 5. d4 Ngf6 6. Ng3 e6 7. Bd3 Be7 8.
N1e2 c5 9. Be3 Qa5+ 10. Bd2 Qb6 11. Bc3 cxd4 12. Bxd4 Bc5 13. Bc3 Bb4 14. O-O-O
Bxc3 15. Nxc3 Ne5 16. Qf4 Nxd3+ 17. Rxd3 O-O 18. Nge4 Nxe4 19. Nxe4 f6 20. Qg3
Qc6 21. f3 Bd7 22. Rhd1 Be8 23. Rc3 Qa4 24. Rc7 Rf7 25. Nxf6+ Kh8 26. Nxe8 Qxe8
27. Qd6 h6 28. Rc4 Rf6 29. Rg4 Qb5 30. Qe7 Rg8 31. Rxg7 Rxg7 32. Qxf6 Qh5 33.
Rd7 1-0

[Event "DEM U16 2010"]
[Site "Oberhof GER"]
[Date "2010.05.28"]
[Round "8"]
[White "Friedrich, Wiede"]
[Black "Bräuer, Franz"]
[Result "1-0"]
[Termination "normal"]
[Board "4"]
[WhiteElo "2138"]
[BlackElo "1993"]
[PlyCount "73"]
[WhiteFideId "24629537"]
[BlackFideId "24634468"]
[EventCountry "GER"]
[EventRounds "9"]
[EventType "swiss"]
[EventDate "2010.05.22"]

1. e4 e5 2. Nf3 Nc6 3. Bc4 Be7 4. O-O Nf6 5. Nc3 Nxe4 6. Nxe4 d5 7. Bb5 dxe4 8.
Nxe5 Qd5 9. Bxc6+ bxc6 10. d4 c5 11. Bf4 Qxd4 12. Nc6 Qf6 13. Nxe7 Qxe7 14. Qd5
Rb8 15. Qc6+ Qd7 16. Qxe4+ Qe6 17. Qa4+ Bd7 18. Qxa7 O-O 19. b3 Qf5 20. Qxc7
Rbc8 21. Qd6 Bc6 22. c4 Rfd8 23. Qe5 Qg6 24. Qg5 Qe4 25. Be5 f6 26. Bxf6 Rd7
27. Rfe1 Qc2 28. Qg4 h5 29. Qe6+ Kh7 30. Bg5 Rcc7 31. Re2 Qd3 32. Rae1 Rf7 33.
Rd2 Qc3 34. Qe2 g6 35. Rd3 Qa5 36. Bd8 Qa8 37. Bxc7 1-0

[Event "DEM U16 2010"]
[Site "Oberhof GER"]
[Date "2010.05.28"]
[Round "8"]
[White "Titgemeyer, Sven"]
[Black "Berchtenbreiter, Maximilian"]
[Result "1/2-1/2"]
[Termination "normal"]
[Board "5"]
[WhiteElo "1957"]
[BlackElo "2262"]
[PlyCount "84"]
[WhiteFideId "24676934"]
[BlackFideId "24641120"]
[EventCountry "GER"]
[EventRounds "9"]
[EventType "swiss"]
[EventDate "2010.05.22"]

1. e4 c5 2. Nf3 d6 3. d4 cxd4 4. Nxd4 Nf6 5. Nc3 a6 6. Bg5 Nbd7 7. Bc4 Qb6 8.
Bb3 e6 9. Bxf6 Nxf6 10. Qd2 Nd7 11. Na4 Qc7 12. c4 Be7 13. O-O Nc5 14. Bc2 O-O
15. Nc3 b6 16. f4 Nd7 17. b3 Bf6 18. Kh1 Bb7 19. Rad1 Rad8 20. Qd3 g6 21. Qh3
Bxd4 22. Rxd4 f5 23. exf5 gxf5 24. Rd3 Nf6 25. Re3 Rfe8 26. Bd1 d5 27. cxd5
exd5 28. Rxe8+ Rxe8 29. Ne2 Ng4 30. Qg3 Kh8 31. Nd4 Qc5 32. Bxg4 fxg4 33. Qd3
Re4 34. Rd1 Kg8 35. f5 Qb4 36. Nc2 Qb5 37. Qg3 Qe2 38. Rc1 Bc6 39. Qc3 Bd7 40.
Nd4 Qe3 41. Qxe3 Rxe3 42. Kg1 Rd3 1/2-1/2

[Event "DEM U16 2010"]
[Site "Oberhof GER"]
[Date "2010.05.28"]
[Round "8"]
[White "Sarchisov, Slavik"]
[Black "Müller, Tobias"]
[Result "1-0"]
[Termination "normal"]
[Board "6"]
[WhiteElo "2102"]
[BlackElo "1998"]
[PlyCount "81"]
[WhiteFideId "24647888"]
[BlackFideId "24643394"]
[EventCountry "GER"]
[EventRounds "9"]
[EventType "swiss"]
[EventDate "2010.05.22"]

1. e4 c5 2. Nf3 d6 3. d4 cxd4 4. Nxd4 Nf6 5. Nc3 g6 6. Be2 Bg7 7. O-O O-O 8.
Nb3 Nc6 9. Be3 Bd7 10. f4 a6 11. a4 Na5 12. e5 Ne8 13. Nxa5 Qxa5 14. Nd5 Qd8
15. Bb6 Qb8 16. Nxe7+ Kh8 17. c3 Be6 18. exd6 Qxd6 19. Qxd6 Nxd6 20. Rfd1 Nc4
21. Bxc4 Bxc4 22. Rd7 Bf6 23. Nd5 Bd8 24. Bd4+ Kg8 25. Ne3 b5 26. Rb7 Ba5 27.
b4 Bd8 28. axb5 Bd3 29. Rxa6 Rxa6 30. bxa6 Bxa6 31. Rb8 Be7 32. Rxf8+ Kxf8 33.
Kf2 Ke8 34. Nd5 Kd7 35. g3 h5 36. Ke3 Bf8 37. Be5 Bf1 38. Kd4 Kc6 39. c4 Bg2
40. b5+ Kb7 41. c5 1-0

[Event "DEM U16 2010"]
[Site "Oberhof GER"]
[Date "2010.05.28"]
[Round "8"]
[White "Pauly, Carlo"]
[Black "Kügel, Tobias"]
[Result "1/2-1/2"]
[Termination "normal"]
[Board "7"]
[WhiteElo "2040"]
[BlackElo "1939"]
[PlyCount "89"]
[WhiteFideId "24673269"]
[BlackFideId "4636295"]
[EventCountry "GER"]
[EventRounds "9"]
[EventType "swiss"]
[EventDate "2010.05.22"]

1. c4 c6 2. g3 d5 3. Bg2 Nf6 4. Nf3 g6 5. b3 Bg7 6. Bb2 O-O 7. O-O Nbd7 8. d4
Ne4 9. Nfd2 Nxd2 10. Qxd2 Nf6 11. Nc3 Be6 12. cxd5 Nxd5 13. Na4 Nb6 14. Nc5 Bc8
15. Rfd1 Nd7 16. Qc2 Nxc5 17. dxc5 Qc7 18. Bxg7 Kxg7 19. Qc3+ Kg8 20. b4 Be6
21. a4 Rfd8 22. e3 Rxd1+ 23. Rxd1 Rd8 24. Rxd8+ Qxd8 25. Qd4 Qc7 26. h4 a6 27.
h5 Qd7 28. Qxd7 Bxd7 29. hxg6 hxg6 30. f4 f5 31. e4 fxe4 32. Bxe4 Bf5 33. Bf3
Bc2 34. b5 axb5 35. axb5 cxb5 36. Bxb7 b4 37. c6 Be4 38. Ba8 Bf5 39. c7 Kg7 40.
Bd5 Kf6 41. Kf2 e5 42. Be4 Bc8 43. fxe5+ Kxe5 44. Bxg6 Kd6 45. Ke3 1/2-1/2

[Event "DEM U16 2010"]
[Site "Oberhof GER"]
[Date "2010.05.28"]
[Round "8"]
[White "Mons, Leon"]
[Black "Hager, Joshua Aarash"]
[Result "1-0"]
[Termination "normal"]
[Board "8"]
[WhiteElo "2167"]
[BlackElo "2221"]
[PlyCount "49"]
[WhiteFideId "4614950"]
[BlackFideId "24642789"]
[EventCountry "GER"]
[EventRounds "9"]
[EventType "swiss"]
[EventDate "2010.05.22"]

1. d4 Nf6 2. c4 g6 3. Nc3 Bg7 4. Nf3 O-O 5. e4 d6 6. Be2 e5 7. Be3 Qe7 8. dxe5
dxe5 9. O-O c6 10. h3 Rd8 11. Qa4 Na6 12. Rfd1 Bd7 13. Qa5 Ne8 14. Rd2 h6 15.
Re1 f5 16. exf5 gxf5 17. Bf1 Qf7 18. Nxe5 Qe7 19. Nxd7 f4 20. Qf5 fxe3 21. Rxe3
Nd6 22. Qh7+ Kxh7 23. Rxe7 Kh8 24. Rxd6 Bf8 25. Rf7 1-0

[Event "DEM U16 2010"]
[Site "Oberhof GER"]
[Date "2010.05.28"]
[Round "8"]
[White "Kropman, Alexei"]
[Black "Wolf, Christoph"]
[Result "1/2-1/2"]
[Termination "normal"]
[Board "9"]
[WhiteElo "1980"]
[BlackElo "1980"]
[PlyCount "83"]
[WhiteFideId "24670723"]
[BlackFideId "24650633"]
[EventCountry "GER"]
[EventRounds "9"]
[EventType "swiss"]
[EventDate "2010.05.22"]

1. e4 c5 2. Nf3 e6 3. d4 cxd4 4. Nxd4 Nf6 5. Bd3 Nc6 6. Nb3 d5 7. exd5 Nxd5 8.
Qe2 Be7 9. O-O O-O 10. Bd2 Qc7 11. Be4 Nf6 12. Bd3 Ne5 13. Nc3 Nxd3 14. cxd3 b6
15. Rac1 Qd7 16. Bf4 Ba6 17. Rfd1 Rac8 18. Qf3 Bb7 19. Qh3 Nd5 20. Nxd5 Qxd5
21. Bd2 b5 22. Bc3 b4 23. Bd2 a5 24. d4 a4 25. Nc5 Bxc5 26. dxc5 Rxc5 27. Rxc5
Qxc5 28. Qg4 Rd8 29. Be3 Rxd1+ 30. Qxd1 Qd5 31. Qxd5 Bxd5 32. a3 b3 33. Bd4 f6
34. g3 e5 35. Bc3 Kf7 36. Kf1 Ke6 37. Ke2 Kf5 38. f3 g5 39. Ke3 g4 40. f4 h5
41. fxe5 fxe5 42. Bb4 1/2-1/2

[Event "DEM U16 2010"]
[Site "Oberhof GER"]
[Date "2010.05.28"]
[Round "8"]
[White "Hampel, Felix"]
[Black "Planner, Jörg"]
[Result "1-0"]
[Termination "normal"]
[Board "10"]
[WhiteElo "2038"]
[BlackElo "1696"]
[PlyCount "97"]
[WhiteFideId "24668125"]
[BlackFideId "1270978"]
[EventCountry "GER"]
[EventRounds "9"]
[EventType "swiss"]
[EventDate "2010.05.22"]

1. e4 c6 2. d4 d5 3. Nc3 dxe4 4. Nxe4 Nd7 5. Ng5 Ngf6 6. Bd3 e6 7. N1f3 h6 8.
Nxe6 Qe7 9. O-O fxe6 10. Bg6+ Kd8 11. c4 Ne8 12. Qd3 Qf6 13. Ne5 Nd6 14. c5
Nxe5 15. dxe5 Qxe5 16. Be3 Kc7 17. cxd6+ Bxd6 18. g3 Rd8 19. Rfd1 Qf6 20. Qc2
e5 21. Be4 Be6 22. Rac1 Bd7 23. Qc3 Be7 24. Bg2 Be8 25. Rxd8 Rxd8 26. Qa5+ Kc8
27. Qxa7 Bd6 28. Bb6 Bb8 29. Bxd8 Bxa7 30. Bxf6 gxf6 31. Kf1 Bd4 32. b3 Bg6 33.
Ke2 Kd7 34. h4 f5 35. f3 h5 36. Bh3 Ke7 37. g4 hxg4 38. fxg4 f4 39. h5 Bf7 40.
Rd1 Bd5 41. g5 c5 42. h6 Kf7 43. Bf5 e4 44. g6+ Kg8 45. g7 f3+ 46. Kd2 e3+ 47.
Kd3 f2 48. Ke2 Bg2 49. Be6+ 1-0

[Event "DEM U16 2010"]
[Site "Oberhof GER"]
[Date "2010.05.28"]
[Round "8"]
[White "Hötte, Philipp"]
[Black "Schmitz, Stefan"]
[Result "1/2-1/2"]
[Termination "normal"]
[Board "11"]
[WhiteElo "1942"]
[BlackElo "1908"]
[PlyCount "85"]
[WhiteFideId "24696390"]
[BlackFideId "4625730"]
[EventCountry "GER"]
[EventRounds "9"]
[EventType "swiss"]
[EventDate "2010.05.22"]

1. e4 d5 2. d4 e6 3. Nd2 Ne7 4. Bd3 Nbc6 5. c3 dxe4 6. Nxe4 Nd5 7. Nf3 Be7 8.
O-O O-O 9. Qc2 h6 10. Re1 Re8 11. Bd2 Bf8 12. Ne5 Nxe5 13. dxe5 f5 14. exf6
Nxf6 15. Nxf6+ Qxf6 16. Rad1 Bc5 17. Be3 Bd6 18. Bh7+ Kh8 19. Qg6 Qf8 20. Rd4
e5 21. Rh4 Re6 22. Qc2 Rf6 23. c4 c6 24. Bd3 Kg8 25. c5 Bc7 26. Bc4+ Be6 27.
Bxe6+ Rxe6 28. Qc4 Qf6 29. Rd1 Kh8 30. Re4 Ree8 31. Bc1 Red8 32. Ree1 Rxd1 33.
Rxd1 Rd8 34. Qe2 Rd5 35. Rxd5 cxd5 36. Qg4 Kh7 37. Qc8 Qc6 38. Qf5+ Qg6 39.
Qxg6+ Kxg6 40. Kf1 b6 41. cxb6 Bxb6 42. b4 Kf5 43. f3 1/2-1/2

[Event "DEM U16 2010"]
[Site "Oberhof GER"]
[Date "2010.05.28"]
[Round "8"]
[White "Mirke, Roy"]
[Black "Brodmann, Anton"]
[Result "1-0"]
[Termination "normal"]
[Board "12"]
[WhiteElo "1797"]
[BlackElo "1844"]
[PlyCount "45"]
[WhiteFideId "24647306"]
[BlackFideId "24655481"]
[EventCountry "GER"]
[EventRounds "9"]
[EventType "swiss"]
[EventDate "2010.05.22"]

1. d4 e6 2. Nf3 Nf6 3. e3 d5 4. Bd3 c5 5. c3 Nc6 6. Nbd2 Bd6 7. O-O O-O 8. Re1
Qc7 9. dxc5 Bxc5 10. e4 h6 11. h3 b6 12. Qe2 Bb7 13. e5 Nd7 14. Nb3 Be7 15.
Nbd4 a6 16. Nxc6 Qxc6 17. Nd4 Qc7 18. Qh5 Rfe8 19. Bxh6 gxh6 20. Qxh6 Nf8 21.
Re3 Bc5 22. Bh7+ Kh8 23. Rg3 1-0

[Event "DEM U16 2010"]
[Site "Oberhof GER"]
[Date "2010.05.28"]
[Round "8"]
[White "Grzeca, Pascal"]
[Black "Frischmann, Rick"]
[Result "1/2-1/2"]
[Termination "normal"]
[Board "13"]
[WhiteElo "1887"]
[BlackElo "1948"]
[PlyCount "96"]
[WhiteFideId "24600741"]
[BlackFideId "24660752"]
[EventCountry "GER"]
[EventRounds "9"]
[EventType "swiss"]
[EventDate "2010.05.22"]

1. e4 c5 2. Nf3 e6 3. d4 cxd4 4. Nxd4 a6 5. Nc3 Qc7 6. Bd3 Nf6 7. O-O Be7 8.
Qe2 d6 9. Kh1 b5 10. a4 b4 11. Na2 e5 12. Nb3 Nc6 13. f4 exf4 14. Bxf4 Be6 15.
Bxa6 O-O 16. Bb5 Rfb8 17. Qe1 Bxb3 18. cxb3 Nd4 19. Rc1 Qb7 20. e5 Nxb5 21.
exf6 Bxf6 22. Rc4 Nd4 23. Bxd6 Re8 24. Qg3 Qe4 25. Bxb4 Bh4 26. Nc3 Bxg3 27.
Nxe4 Rxe4 28. hxg3 f5 29. Bc3 Nxb3 30. Rc7 Nd4 31. Rd1 Ne6 32. Re7 Raxa4 33.
Rdd7 Ra8 34. Bxg7 Ng5 35. Bc3 Rxe7 36. Rxe7 Nf7 37. b4 Rc8 38. Be5 Rc1+ 39. Kh2
Nh6 40. g4 Nxg4+ 41. Kg3 Nxe5 42. Rxe5 Rc3+ 43. Kh2 Rb3 44. b5 f4 45. Kg1 Rb2
46. Rc5 Kf7 47. Kf1 Ke6 48. Kg1 Kf6 1/2-1/2

[Event "DEM U16 2010"]
[Site "Oberhof GER"]
[Date "2010.05.28"]
[Round "8"]
[White "Braun, Georg"]
[Black "Zimmermann, Ulrich"]
[Result "1/2-1/2"]
[Termination "normal"]
[Board "14"]
[WhiteElo "2074"]
[BlackElo "2022"]
[PlyCount "52"]
[WhiteFideId "24629383"]
[BlackFideId "24654523"]
[EventCountry "GER"]
[EventRounds "9"]
[EventType "swiss"]
[EventDate "2010.05.22"]

1. b3 g6 2. Bb2 Nf6 3. Nf3 Bg7 4. c4 O-O 5. g3 d6 6. d4 Nbd7 7. Bg2 e5 8. dxe5
dxe5 9. Nc3 c6 10. O-O Qe7 11. Nd2 Rd8 12. Qc2 Nf8 13. Rad1 Bf5 14. Nde4 Nxe4
15. Bxe4 Bxe4 16. Qxe4 f5 17. Qe3 b6 18. Rxd8 Rxd8 19. Rd1 Rxd1+ 20. Nxd1 Qc7
21. Qd2 Ne6 22. Ne3 h5 23. Ba3 Nd4 24. Bb2 Ne6 25. Ba3 Nd4 26. Bb2 Ne6 1/2-1/2

[Event "DEM U16 2010"]
[Site "Oberhof GER"]
[Date "2010.05.29"]
[Round "9"]
[White "Dünzel, Jonas"]
[Black "Sarchisov, Slavik"]
[Result "1/2-1/2"]
[Termination "normal"]
[Board "1"]
[WhiteElo "2037"]
[BlackElo "2102"]
[PlyCount "50"]
[WhiteFideId "24631167"]
[BlackFideId "24647888"]
[EventCountry "GER"]
[EventRounds "9"]
[EventType "swiss"]
[EventDate "2010.05.22"]

1. e4 c5 2. Nf3 d6 3. Nc3 Nc6 4. d4 cxd4 5. Nxd4 Nf6 6. Be2 e6 7. Be3 Be7 8.
O-O Bd7 9. Ndb5 Qb8 10. Bf4 Ne5 11. Bg3 a6 12. Nd4 Qc7 13. Nf3 O-O 14. Qd2 Rfd8
15. Nxe5 dxe5 16. Qg5 Bd6 17. Rad1 Bc6 18. Bd3 h6 19. Qc1 b5 20. Bh4 Be7 21.
Rfe1 Nh5 22. Bxe7 Qxe7 23. Ne2 Qg5 24. Qxg5 hxg5 25. f3 Nf4 1/2-1/2

[Event "DEM U16 2010"]
[Site "Oberhof GER"]
[Date "2010.05.29"]
[Round "9"]
[White "Friedrich, Wiede"]
[Black "Kotainy, Jens"]
[Result "0-1"]
[Termination "normal"]
[Board "2"]
[WhiteElo "2138"]
[BlackElo "2243"]
[PlyCount "82"]
[WhiteFideId "24629537"]
[BlackFideId "24670499"]
[EventCountry "GER"]
[EventRounds "9"]
[EventType "swiss"]
[EventDate "2010.05.22"]

1. e4 e6 2. d4 d5 3. exd5 exd5 4. Bd3 Nc6 5. Nf3 Bd6 6. Nc3 Nf6 7. Bg5 Be6 8.
O-O O-O 9. Re1 Nb4 10. Ne5 Re8 11. a3 Nxd3 12. Qxd3 c6 13. h3 h6 14. Bh4 g5 15.
Bg3 Nh5 16. Bh2 Ng7 17. Qf3 Qb6 18. Kh1 Rad8 19. Rad1 Qxb2 20. Rb1 Qxc2 21.
Rxb7 Nf5 22. Ng4 Re7 23. Nf6+ Kg7 24. Nh5+ Kh7 25. Rxe7 Bxe7 26. Be5 Nh4 27.
Nf6+ Kg7 28. Nfxd5+ Kf8 29. Qh5 cxd5 30. Qxh6+ Ke8 31. Nb5 Qg6 32. Qxg6 Nxg6
33. Nxa7 Nxe5 34. Rxe5 Ra8 35. Nb5 Ra5 36. Nc7+ Kd7 37. Nxe6 fxe6 38. g3 Rxa3
39. Kg2 Rd3 40. f4 gxf4 41. gxf4 Bd6 0-1

[Event "DEM U16 2010"]
[Site "Oberhof GER"]
[Date "2010.05.29"]
[Round "9"]
[White "Miller, Eduard"]
[Black "Göbel, Constantin"]
[Result "1-0"]
[Termination "normal"]
[Board "3"]
[WhiteElo "2033"]
[BlackElo "2011"]
[PlyCount "103"]
[WhiteFideId "24687022"]
[BlackFideId "24647071"]
[EventCountry "GER"]
[EventRounds "9"]
[EventType "swiss"]
[EventDate "2010.05.22"]

1. e4 c5 2. Nf3 Nc6 3. Bb5 e6 4. Bxc6 bxc6 5. O-O d5 6. d3 Bd6 7. Be3 Qb6 8. b3
Ne7 9. Nc3 Qc7 10. Na4 d4 11. Bc1 Ng6 12. Ba3 Qe7 13. Qe1 e5 14. Qa5 Bg4 15.
Nd2 Nf4 16. f3 Bh3 17. Rf2 Qg5 18. g3 Be6 19. Kh1 Nh3 20. Rg2 Qe3 21. Rf1 Ng5
22. Nc4 Bxc4 23. Bc1 Bxd3 24. Bxe3 Bxf1 25. Rf2 dxe3 26. Rxf1 O-O 27. Qe1 Rfd8
28. Qxe3 Ne6 29. Nb2 c4 30. Nxc4 Bc5 31. Qc1 f6 32. Kg2 Rd7 33. Rd1 Rad8 34.
Rxd7 Rxd7 35. c3 Kf7 36. b4 Bb6 37. a4 Bc7 38. Kf1 Ke7 39. Ke2 Kf7 40. Qe3 Bd8
41. f4 exf4 42. gxf4 Bc7 43. e5 Re7 44. Kd2 g6 45. Qh3 Nxf4 46. Qxh7+ Ke6 47.
Qg8+ Kf5 48. Qf8 Rd7+ 49. Kc2 Nd5 50. Qc8 Ke6 51. Qe8+ Ne7 52. exf6 1-0

[Event "DEM U16 2010"]
[Site "Oberhof GER"]
[Date "2010.05.29"]
[Round "9"]
[White "Bräuer, Franz"]
[Black "Wolf, Christoph"]
[Result "1-0"]
[Termination "normal"]
[Board "4"]
[WhiteElo "1993"]
[BlackElo "1980"]
[PlyCount "63"]
[WhiteFideId "24634468"]
[BlackFideId "24650633"]
[EventCountry "GER"]
[EventRounds "9"]
[EventType "swiss"]
[EventDate "2010.05.22"]

1. e4 c5 2. Nf3 e6 3. Qe2 Nc6 4. g3 Nf6 5. Bg2 d5 6. d3 Be7 7. O-O O-O 8. e5
Nd7 9. h4 b5 10. Bf4 a5 11. c3 Ba6 12. Nbd2 a4 13. Rfe1 Qa5 14. Ng5 b4 15. Rac1
a3 16. Nb3 Qb6 17. c4 axb2 18. Qxb2 dxc4 19. dxc4 h6 20. Ne4 Rad8 21. Red1 Qc7
22. Nf6+ Bxf6 23. exf6 e5 24. fxg7 Kxg7 25. Rd5 Nd4 26. Nxc5 Nxc5 27. Qxd4 exd4
28. Bxc7 Rxd5 29. cxd5 Nd3 30. Rd1 Kf6 31. Bf1 Nc5 32. Bd6 1-0

[Event "DEM U16 2010"]
[Site "Oberhof GER"]
[Date "2010.05.29"]
[Round "9"]
[White "Mertens, Fridolin"]
[Black "Mirke, Roy"]
[Result "1-0"]
[Termination "normal"]
[Board "5"]
[WhiteElo "1877"]
[BlackElo "1797"]
[PlyCount "95"]
[WhiteFideId "24671940"]
[BlackFideId "24647306"]
[EventCountry "GER"]
[EventRounds "9"]
[EventType "swiss"]
[EventDate "2010.05.22"]

1. e4 e6 2. d4 d5 3. Nc3 Nf6 4. e5 Nfd7 5. f4 c5 6. Nf3 Nc6 7. Be3 b6 8. Be2
Be7 9. O-O g6 10. Kh1 h5 11. Qd2 Bb7 12. a3 a6 13. Na2 c4 14. a4 b5 15. b3 Nb6
16. axb5 axb5 17. Ng5 Rf8 18. Qe1 Bxg5 19. fxg5 Qe7 20. Nc3 Na7 21. Ra5 Bc6 22.
Qa1 b4 23. Nd1 Qb7 24. Bd2 c3 25. Be3 Ke7 26. Nf2 Qd7 27. Nd3 Bb5 28. Nc5 Qc7
29. Bxb5 Nxb5 30. Na6 Rxa6 31. Rxa6 Rb8 32. Qa5 Nc8 33. Qxb4+ Ke8 34. Rxe6+
fxe6 35. Rf8+ Kd7 36. Rf7+ Kc6 37. Qc5+ Kb7 38. Qxb5+ Ka8 39. Qa6+ Qa7 40.
Rxa7+ Nxa7 41. Qxe6 Rb5 42. Qxg6 Ra5 43. h3 Ra2 44. e6 Nc6 45. e7 Nxe7 46. Qe8+
Kb7 47. Qxe7+ Kc6 48. Qc5+ 1-0

[Event "DEM U16 2010"]
[Site "Oberhof GER"]
[Date "2010.05.29"]
[Round "9"]
[White "Zimmermann, Ulrich"]
[Black "Berchtenbreiter, Maximilian"]
[Result "0-1"]
[Termination "normal"]
[Board "6"]
[WhiteElo "2022"]
[BlackElo "2262"]
[PlyCount "80"]
[WhiteFideId "24654523"]
[BlackFideId "24641120"]
[EventCountry "GER"]
[EventRounds "9"]
[EventType "swiss"]
[EventDate "2010.05.22"]

1. d4 e6 2. c4 Nf6 3. g3 d5 4. Bg2 dxc4 5. Nf3 Nbd7 6. Nbd2 c5 7. Nxc4 cxd4 8.
Nxd4 Nb6 9. Nxb6 Bb4+ 10. Bd2 Bxd2+ 11. Qxd2 Qxb6 12. O-O O-O 13. Rfd1 Bd7 14.
Rac1 e5 15. Nb3 Rac8 16. Qa5 Qxa5 17. Nxa5 b6 18. Nc4 Rfe8 19. Nd6 Rxc1 20.
Rxc1 Rd8 21. Nb7 Rb8 22. Rc7 Be6 23. h3 Bxa2 24. Nd6 a5 25. Rc8+ Rxc8 26. Nxc8
b5 27. Ne7+ Kf8 28. Nc6 a4 29. Nxe5 b4 30. Nd3 a3 31. bxa3 bxa3 32. Nb4 Bb3 33.
e4 a2 34. Nxa2 Bxa2 35. f4 Bb1 36. e5 Ne4 37. Kh2 Nd2 38. Bb7 Be4 39. Ba6 Nf3+
40. Kg2 Nxe5+ 0-1

[Event "DEM U16 2010"]
[Site "Oberhof GER"]
[Date "2010.05.29"]
[Round "9"]
[White "Frischmann, Rick"]
[Black "Mons, Leon"]
[Result "0-1"]
[Termination "normal"]
[Board "7"]
[WhiteElo "1948"]
[BlackElo "2167"]
[PlyCount "48"]
[WhiteFideId "24660752"]
[BlackFideId "4614950"]
[EventCountry "GER"]
[EventRounds "9"]
[EventType "swiss"]
[EventDate "2010.05.22"]

1. e4 g6 2. d4 Bg7 3. Nc3 d6 4. f4 a6 5. Nf3 b5 6. a3 Bb7 7. Bd3 Nd7 8. Be3 c5
9. O-O cxd4 10. Nxd4 Ngf6 11. Qe2 O-O 12. Bf2 e5 13. fxe5 Nxe5 14. Rad1 Neg4
15. h3 Nxf2 16. Qxf2 Qb6 17. Nb3 Qc7 18. Rfe1 Rfe8 19. Bxb5 axb5 20. Nxb5 Qe7
21. Nxd6 Red8 22. Qb6 Bxe4 23. Nxe4 Nxe4 24. Qc6 Qa7+ 0-1

[Event "DEM U16 2010"]
[Site "Oberhof GER"]
[Date "2010.05.29"]
[Round "9"]
[White "Schmitz, Stefan"]
[Black "Titgemeyer, Sven"]
[Result "0-1"]
[Termination "normal"]
[Board "8"]
[WhiteElo "1908"]
[BlackElo "1957"]
[PlyCount "52"]
[WhiteFideId "4625730"]
[BlackFideId "24676934"]
[EventCountry "GER"]
[EventRounds "9"]
[EventType "swiss"]
[EventDate "2010.05.22"]

1. e4 e5 2. Nf3 Nc6 3. Bc4 Bc5 4. c3 Nf6 5. d4 exd4 6. cxd4 Bb4+ 7. Bd2 Bxd2+
8. Nbxd2 d5 9. exd5 Nxd5 10. Qb3 Nce7 11. O-O O-O 12. Rfe1 c6 13. Rad1 Qc7 14.
Ne4 b6 15. a3 a5 16. Qc2 h6 17. Ng3 Be6 18. Re5 Rad8 19. Rde1 Nf4 20. Bxe6 Nxe6
21. Qe4 Qd6 22. Qg4 Kh8 23. R1e4 Qd7 24. Nh5 f5 25. Qg3 fxe4 26. Rxe6 Nf5 0-1

[Event "DEM U16 2010"]
[Site "Oberhof GER"]
[Date "2010.05.29"]
[Round "9"]
[White "Planner, Jörg"]
[Black "Pauly, Carlo"]
[Result "0-1"]
[Termination "normal"]
[Board "9"]
[WhiteElo "1696"]
[BlackElo "2040"]
[PlyCount "68"]
[WhiteFideId "1270978"]
[BlackFideId "24673269"]
[EventCountry "GER"]
[EventRounds "9"]
[EventType "swiss"]
[EventDate "2010.05.22"]

1. e4 c5 2. Nf3 d6 3. Bb5+ Nd7 4. c3 Ngf6 5. Qe2 a6 6. Ba4 b5 7. Bc2 Bb7 8. O-O
e5 9. d4 Be7 10. a4 O-O 11. Rd1 Qb6 12. axb5 axb5 13. Rxa8 Rxa8 14. Nbd2 Bf8
15. Nf1 Re8 16. Ng3 b4 17. d5 g6 18. Be3 Ra8 19. Nd2 bxc3 20. bxc3 Qb2 21. Qd3
Ra1 22. Rxa1 Qxa1+ 23. Ngf1 Ng4 24. Nb3 Qa2 25. Bd1 Ba6 26. c4 Nxe3 27. Nxe3
Nb6 28. Nd2 Bh6 29. Bb3 Qa1+ 30. Qf1 Qc3 31. Qe1 Bxe3 32. Qxe3 Qa1+ 33. Nf1
Nxc4 34. Qd3 Nd2 0-1

[Event "DEM U16 2010"]
[Site "Oberhof GER"]
[Date "2010.05.29"]
[Round "9"]
[White "Wenninger, Philipp"]
[Black "Kropman, Alexei"]
[Result "1-0"]
[Termination "normal"]
[Board "10"]
[WhiteElo "1996"]
[BlackElo "1980"]
[PlyCount "59"]
[WhiteFideId "4648404"]
[BlackFideId "24670723"]
[EventCountry "GER"]
[EventRounds "9"]
[EventType "swiss"]
[EventDate "2010.05.22"]

1. d4 d5 2. c4 c6 3. Nf3 Nf6 4. e3 e6 5. Bd3 Nbd7 6. Nc3 dxc4 7. Bxc4 b5 8. Be2
Bb7 9. O-O a6 10. b3 c5 11. Bb2 Be7 12. dxc5 Nxc5 13. b4 Nce4 14. a4 Bxb4 15.
Nxe4 Bxe4 16. axb5 a5 17. Nd4 Qb6 18. Qa4 O-O 19. Nc6 Bxc6 20. bxc6 Rac8 21.
Rac1 Rfd8 22. Bd4 Rxd4 23. exd4 Nd5 24. Bf3 Nc3 25. Qa1 Qxd4 26. Rfd1 Qf6 27.
Rd3 Nb5 28. Qxf6 gxf6 29. Rcd1 Be7 30. Rd7 1-0